Top 10 Airlines der Welt - Statistiken

Allgemein
  • Dieses Quiz wurde 149 mal gespielt
  • Das Durchschnittsergebnis liegt bei 4 aus 10
Antwortstatistiken
Rang Airline % Korrekt
5 Emirates
95%
1 Qatar Airways
48%
6 Air France
44%
7 ANA All Nippon Airways
34%
3 Cathay Pacific Airways
29%
2 Korean Air
27%
8 Etihad Airways
26%
9 Qantas Airways
20%
10 Virgin Australia/ Atlantic
15%
4 Air New Zealand
13%
Keine übereinstimmenden Quizze gefunden
Verteilung der Resultate
Anzahl Personen mit jedem Resultat
Perzentil nach korrekt beantworteten Fragen
Ihre Resultats-Entwicklung
Sie haben dieses Quiz noch nicht gespielt